| 000 | 00509nam a2200205Ia 4500 | ||
|---|---|---|---|
| 003 | OSt | ||
| 005 | 20220928144221.0 | ||
| 006 | a|||||r|||| 00| 0 | ||
| 007 | ta | ||
| 008 | 220927b |||||||| |||| 00| 0 eng d | ||
| 024 | _a63634 | ||
| 037 | _cTextual | ||
| 040 |
_aSDCL _cSDCL _beng |
||
| 041 |
_2eng _aeng |
||
| 082 | _aO152(Y15),3:g, P 0 | ||
| 100 |
_aSandhu _9507388 |
||
| 245 | 0 | _aMahila upanayaskar. | |
| 942 |
_hO152(Y15),3:g, P 0 _cTEXL _2CC |
||
| 999 |
_c826750 _d826750 |
||